书目信息 |
| 题名: |
农村沼气实用技术
|
|
| 作者: | 袁书钦 周建方 | |
| 分册: | ||
| 出版信息: | 郑州 河南科学技术出版社 2005 |
|
| 页数: | 192 | |
| 开本: | 19cm | |
| 丛书名: | ||
| 单 册: | ||
| 中图分类: | S216.4 | |
| 科图分类: | ||
| 主题词: | 农业--动能 , 农业--能源 | |
| 电子资源: | ||
| ISBN: | 7-5349-3219-X | |
| 000 | 00586nam0 2200193 450 | |
| 001 | 0741144344 | |
| 005 | 20070817112544.34 | |
| 010 | @a7-5349-3219-X@d¥10.00 | |
| 100 | @a20070817d km y0chiy0120 ea | |
| 101 | 0 | @achi |
| 200 | 1 | @a农村沼气实用技术@Anong cun zhao qi shi yong ji shu@f袁书钦 周建方@Fyuan shu qin zhou jian fang |
| 210 | @a郑州@c河南科学技术出版社@d2005 | |
| 215 | @a192@d19cm | |
| 606 | 0 | @a农业@x动能 |
| 606 | 0 | @a农业@x能源 |
| 690 | @aS216.4@v3 | |
| 701 | 0 | @a袁书钦 周建方@Ayuan shu qin zhou jian fang |
| 801 | 0 | @aCN@bPFT@c20070817 |
| 905 | @a213230@dS216.4@en2@f1 | |
| 农村沼气实用技术/袁书钦 周建方.-郑州:河南科学技术出版社,2005 |
| 192;19cm |
| ISBN 7-5349-3219-X:¥10.00 |
| ● |
| 相关链接 |
|
|
|
|
正题名:农村沼气实用技术
索取号:S216.4/n2
 
预约/预借
| 序号 | 登录号 | 条形码 | 馆藏地/架位号 | 状态 | 备注 |
| 1 | 6601308 | 266013084 | 密集书库-生命科学系/ [索取号:S216.4/n2] | 在馆 |